[Event "TCh-FRA Top 12 2015"]
[Site "Montpellier FRA"]
[Date "2015.05.31"]
[Round "2.4"]
[Board "3"]
[White "Michiels, Bart"]
[Black "Gajewski, Grzegorz"]
[Result "1/2-1/2"]
[WhiteTitle "GM"]
[BlackTitle "GM"]
[WhiteElo "2536"]
[BlackElo "2648"]
[WhiteTeam "GRASSE ECHECS"]
[BlackTeam "MULHOUSE PHILIDOR"]
[WhiteFideId "202967"]
[BlackFideId "1116207"]
[EventDate "2015.05.30"]

1. d4 Nf6 2. c4 e6 3. Nc3 Bb4 4. Qc2 O-O 5. a3 Bxc3+ 6. Qxc3 b6 7. Bg5 Bb7 8. f3
h6 9. Bh4 d6 10. Nh3 Nbd7 11. Nf2 Rc8 12. Ng4 Re8 13. e3 c5 14. dxc5 Ne4 15.
Bxd8 Nxc3 16. Bh4 Na4 17. O-O-O d5 18. Kb1 bxc5 19. cxd5 exd5 20. Bb5 Bc6 21.
Bxa4 Bxa4 22. Rxd5 Nb6 23. Re5 Nc4 24. Rxe8+ Rxe8 25. e4 Rb8 26. Ka1 Rxb2 27.
Ne3 Bb3 28. Nxc4 Ra2+ 29. Kb1 Bxc4 30. Rc1 Bb3 31. Rxc5 Rxg2 32. Bg3 Bd1 33. Rc3
a5 34. Kc1 Be2 35. a4 g5 36. f4 gxf4 37. Bxf4 Rg4 38. Rg3 Rxg3 39. hxg3 Bf3 40.
Kb2 Bxe4 41. Bxh6 f5 42. Bd2 Kf7 43. Bxa5 Ke6 44. Kc3 Kd5 45. Bc7 Kc6 46. Bf4
Kb7 47. Kd4 Bc2 48. a5 Ka6 49. Bc7 1/2-1/2

[Event "TCh-FRA Top 12 2015"]
[Site "Montpellier FRA"]
[Date "2015.05.31"]
[Round "2.4"]
[Board "4"]
[White "Degraeve, Jean-Marc"]
[Black "Apicella, Manuel"]
[Result "1-0"]
[WhiteTitle "GM"]
[BlackTitle "GM"]
[WhiteElo "2555"]
[BlackElo "2510"]
[WhiteTeam "MULHOUSE PHILIDOR"]
[BlackTeam "GRASSE ECHECS"]
[WhiteFideId "600270"]
[BlackFideId "600164"]
[EventDate "2015.05.30"]

1. e4 e6 2. d4 d5 3. Nd2 Nf6 4. e5 Nfd7 5. Bd3 c5 6. c3 b6 7. Nh3 Ba6 8. Bxa6
Nxa6 9. O-O Nc7 10. Qg4 f5 11. exf6 Nxf6 12. Qe2 Bd6 13. Nf3 O-O 14. Bf4 c4 15.
Ne5 Qe7 16. Rfe1 Rae8 17. Bg5 h6 18. Bf4 Bxe5 19. Bxe5 Rf7 20. Nf4 Qd8 21. Ng6
Nd7 22. Bg3 Nf8 23. Ne5 Rf5 24. Qc2 Qc8 25. Re3 Nb5 26. Rae1 Nd6 27. f3 Nf7 28.
Ng4 Rd8 29. Rxe6 Rxf3 30. gxf3 Nxe6 31. Qg6 Neg5 32. Kg2 Qb7 33. Nf6+ Kh8 34.
Ne8 Nd6 35. Nxd6 Qd7 36. Re8+ 1-0

[Event "TCh-FRA Top 12 2015"]
[Site "Montpellier FRA"]
[Date "2015.05.31"]
[Round "2.4"]
[Board "5"]
[White "Colovic, Aleksandar"]
[Black "Riff, Jean-Noel"]
[Result "1/2-1/2"]
[WhiteTitle "GM"]
[BlackTitle "GM"]
[WhiteElo "2466"]
[BlackElo "2488"]
[WhiteTeam "GRASSE ECHECS"]
[BlackTeam "MULHOUSE PHILIDOR"]
[WhiteFideId "15000729"]
[BlackFideId "611190"]
[EventDate "2015.05.30"]

1. d4 Nf6 2. Nf3 e6 3. g3 b5 4. Qd3 b4 5. a3 d5 6. axb4 Bxb4+ 7. Nbd2 O-O 8. Bg2
a5 9. c3 Be7 10. O-O Ba6 11. c4 Nc6 12. b3 Nb4 13. Qb1 c5 14. Bb2 cxd4 1/2-1/2

[Event "TCh-FRA Top 12 2015"]
[Site "Montpellier FRA"]
[Date "2015.05.31"]
[Round "2.4"]
[Board "6"]
[White "Sokolov, Andrei1"]
[Black "Pile, Richard"]
[Result "1-0"]
[WhiteTitle "GM"]
[BlackTitle "IM"]
[WhiteElo "2520"]
[BlackElo "2430"]
[WhiteTeam "MULHOUSE PHILIDOR"]
[BlackTeam "GRASSE ECHECS"]
[WhiteFideId "627089"]
[BlackFideId "624110"]
[EventDate "2015.05.30"]

1. b3 d5 2. Bb2 Bg4 3. h3 Bh5 4. d4 e6 5. Nd2 Nd7 6. Ngf3 f5 7. e3 Ngf6 8. Be2
Bxf3 9. Bxf3 Bd6 10. Bh5+ g6 11. Be2 Qe7 12. c4 c6 13. Qc2 O-O 14. c5 Bc7 15. f4
Nh5 16. Bxh5 Qh4+ 17. g3 Qxh5 18. Qd1 Ba5 19. Qxh5 gxh5 20. Bc1 Nf6 21. Ke2 Bxd2
22. Bxd2 Rf7 23. a4 Ne4 24. Be1 a5 25. Kf3 Rg7 26. Rh2 Kf7 27. Rb1 e5 28. fxe5
Ke6 29. h4 b6 30. cxb6 Rb7 31. b4 Rxb6 32. b5 cxb5 33. axb5 Rab8 34. Rhb2 a4 35.
Ra1 Rxb5 36. Rxb5 Rxb5 37. Rxa4 Rb1 38. Ra6+ Ke7 39. Ke2 Rb2+ 40. Kd3 Rb3+ 41.
Kc2 Rxe3 42. Bb4+ Kd8 43. e6 Nxg3 44. Ra8+ 1-0

[Event "TCh-FRA Top 12 2015"]
[Site "Montpellier FRA"]
[Date "2015.05.31"]
[Round "2.4"]
[Board "7"]
[White "Llanes Hurtado, Miguel"]
[Black "Ider, Borya"]
[Result "1/2-1/2"]
[WhiteTitle "GM"]
[BlackTitle "IM"]
[WhiteElo "2444"]
[BlackElo "2401"]
[WhiteTeam "GRASSE ECHECS"]
[BlackTeam "MULHOUSE PHILIDOR"]
[WhiteFideId "2206706"]
[BlackFideId "4901134"]
[EventDate "2015.05.30"]

1. d4 e6 2. c4 d5 3. Nf3 Nf6 4. g3 Bb4+ 5. Bd2 Be7 6. Bg2 O-O 7. O-O c6 8. Qc2
b6 9. Bf4 Nbd7 10. Rd1 Bb7 11. Ne5 Nh5 12. Bd2 Nhf6 13. cxd5 cxd5 14. Nc6 Bxc6
15. Qxc6 Rc8 16. Qb5 Ne8 17. Qd3 Nd6 18. b3 Nf6 19. Nc3 Qd7 20. f3 Nf5 21. e3
Bb4 22. a3 Bxc3 23. Bxc3 Rc7 24. Bb2 Rfc8 25. Rac1 Ne7 26. Bf1 Ne8 27. Qd2 Nd6
28. Rxc7 Rxc7 29. Bd3 Nc6 30. Rc1 Na5 31. Rxc7 Qxc7 32. Qc2 Qxc2 33. Bxc2 Nc6
34. Bd3 Na5 35. Bc2 Nc6 36. Kf2 f5 37. Bc3 Nb5 38. Bb2 Nd6 39. Bc3 Nb5 40. Bb2
Nd6 1/2-1/2

[Event "TCh-FRA Top 12 2015"]
[Site "Montpellier FRA"]
[Date "2015.05.31"]
[Round "2.4"]
[Board "8"]
[White "Choisy, Mathilde"]
[Black "Forestier, Carole"]
[Result "1-0"]
[WhiteTitle "WFM"]
[WhiteElo "2182"]
[BlackElo "2072"]
[WhiteTeam "MULHOUSE PHILIDOR"]
[BlackTeam "GRASSE ECHECS"]
[WhiteFideId "634565"]
[BlackFideId "641405"]
[EventDate "2015.05.30"]

1. e4 e6 2. d4 d5 3. Nd2 Nf6 4. e5 Nfd7 5. Ngf3 c5 6. c3 Nc6 7. Bd3 a6 8. O-O b5
9. Re1 b4 10. c4 Nb6 11. cxd5 Nxd5 12. dxc5 Bxc5 13. Ne4 Be7 14. Qe2 Qc7 15. Ng3
Bb7 16. Nh5 g6 17. Nf4 Qa5 18. Nxd5 Qxd5 19. Be4 Qa5 20. Bh6 Qb5 21. Qd2 Na5 22.
Bxb7 Qxb7 23. Qf4 Nc6 24. Rad1 Rd8 25. Bg7 Rg8 26. Qh6 Bf8 27. Bxf8 Rxf8 28.
Qxh7 Qe7 29. Qh6 a5 30. Qf4 Rh8 31. Qc4 Nb8 32. Qb5+ Nd7 33. Rd6 Rb8 34. Qa4 Rh5
35. Red1 Rd8 36. Qxa5 g5 37. Qxb4 f5 38. exf6 Qxf6 39. Qg4 Rh6 40. Nxg5 Qe7 41.
Nxe6 1-0

[Event "TCh-FRA Top 12 2015"]
[Site "Montpellier FRA"]
[Date "2015.05.31"]
[Round "2.5"]
[Board "1"]
[White "Nataf, Igor-Alexandre"]
[Black "Fressinet, Laurent"]
[Result "1/2-1/2"]
[WhiteTitle "GM"]
[BlackTitle "GM"]
[WhiteElo "2534"]
[BlackElo "2712"]
[WhiteTeam "C.E. STRASBOURG"]
[BlackTeam "CLICHY-ECHECS-92"]
[WhiteFideId "605492"]
[BlackFideId "608742"]
[EventDate "2015.05.30"]

1. e4 c6 2. d4 d5 3. e5 Bf5 4. Be3 e6 5. Nd2 Ne7 6. f4 Nd7 7. Ngf3 Bg6 8. Be2 c5
9. Nb3 c4 10. Nbd2 Nc6 11. O-O Be7 12. c3 b5 13. a3 a5 14. g4 b4 15. Ne1 bxc3
16. bxc3 f5 17. g5 O-O 18. h4 Nb6 19. Qc1 Be8 20. Bd1 Na7 21. a4 Bc6 22. Bc2 Qd7
23. Qd1 Rab8 24. Ndf3 Na8 25. Rf2 Rb7 26. Ng2 Rfb8 27. h5 Qe8 28. Nfh4 Rb3 29.
Bd2 Bxa4 30. Ne3 Nb6 31. Nhxf5 exf5 32. Nxf5 Bf8 33. g6 h6 34. Nxh6+ gxh6 35. f5
Rb2 36. Bxa4 Nxa4 37. Qxa4 Qxa4 38. Rxa4 Nc6 39. f6 Rc2 40. g7 Bxg7 41. fxg7
Rbb2 42. Be1 Rxf2 43. Bxf2 Kxg7 44. Ra1 Rb3 45. Be1 Rb2 46. Bf2 Rb3 47. Be1 Rb2
48. Bf2 1/2-1/2

[Event "TCh-FRA Top 12 2015"]
[Site "Montpellier FRA"]
[Date "2015.05.31"]
[Round "2.5"]
[Board "3"]
[White "Rozentalis, Eduardas"]
[Black "So, Wesley"]
[Result "0-1"]
[WhiteTitle "GM"]
[BlackTitle "GM"]
[WhiteElo "2529"]
[BlackElo "2778"]
[WhiteTeam "C.E. STRASBOURG"]
[BlackTeam "CLICHY-ECHECS-92"]
[WhiteFideId "12800023"]
[BlackFideId "5202213"]
[EventDate "2015.05.30"]

1. e4 e6 2. d4 d5 3. Nd2 Be7 4. c3 c5 5. dxc5 Nf6 6. exd5 Nxd5 7. Ne4 O-O 8. Nf3
Qc7 9. Bc4 b6 10. O-O Rd8 11. Qe2 bxc5 12. Bg5 Bxg5 13. Nexg5 h6 14. Ne4 Nd7 15.
Rad1 Bb7 16. Rfe1 N7b6 17. Bb3 a5 18. a3 Ba6 19. c4 Nf4 20. Qc2 Bb7 21. Qc3 f5
22. Ng3 a4 23. Bc2 Qc6 24. h4 Rd4 25. Rxd4 cxd4 26. Qxd4 Qxc4 27. Qxb6 Bxf3 28.
Bxf5 exf5 29. gxf3 Rf8 30. h5 Nh3+ 31. Kg2 Nf4+ 32. Kg1 Nh3+ 33. Kg2 Qh4 34.
Qe6+ Kh7 35. Qg6+ Kh8 36. Qd6 Rd8 37. Qa6 Nf4+ 38. Kg1 Nh3+ 39. Kg2 Nf4+ 40. Kg1
Kh7 41. Qf1 Nh3+ 42. Kg2 Nf4+ 43. Kg1 Rd2 0-1

[Event "TCh-FRA Top 12 2015"]
[Site "Montpellier FRA"]
[Date "2015.05.31"]
[Round "2.5"]
[Board "4"]
[White "Matlakov, Maxim"]
[Black "Sanikidze, Tornike"]
[Result "1-0"]
[WhiteTitle "GM"]
[BlackTitle "GM"]
[WhiteElo "2694"]
[BlackElo "2515"]
[WhiteTeam "CLICHY-ECHECS-92"]
[BlackTeam "C.E. STRASBOURG"]
[WhiteFideId "4168003"]
[BlackFideId "13602608"]
[EventDate "2015.05.30"]

1. Nf3 Nf6 2. c4 e6 3. g3 d5 4. d4 dxc4 5. Bg2 Nc6 6. Qa4 Nd7 7. Qxc4 Nb6 8. Qb5
a6 9. Qd3 e5 10. Nxe5 Nb4 11. Qd1 Qxd4 12. Qxd4 Nc2+ 13. Kd1 Nxd4 14. Be3 Ne6
15. Bxb6 cxb6 16. Nc3 Bc5 17. e3 f6 18. Nd3 Be7 19. Ke2 Rb8 20. Nd5 Bd8 21. Rhd1
Bd7 22. f4 Nc5 23. Nc3 Nxd3 24. Rxd3 Bc6 25. Bxc6+ bxc6 26. Rd6 Rc8 27. Rad1 O-O
28. Re6 f5 29. e4 fxe4 30. Nxe4 c5 31. Kf3 c4 32. Rd7 a5 33. a4 Rb8 34. Rd5 Rc8
35. h4 Rb8 36. Rc6 Bf6 37. Nxf6+ Rxf6 38. Rxc4 Re8 39. Rc7 Rf7 40. Rc6 Rb7 41.
Rb5 Reb8 42. b3 h6 43. Kg4 Kh7 44. Kh5 Rd8 45. Rcxb6 Rxb6 46. Rxb6 Rd5+ 47. Kg4
h5+ 48. Kh3 Rd3 49. Rb5 Kh6 50. Kg2 g6 51. Rxa5 Rxb3 52. Rg5 Re3 53. a5 Re6 54.
Kf3 Kh7 55. Re5 Rd6 56. Ke4 Kg7 57. Rd5 Rc6 58. Kd4 Kf6 59. Rc5 Rd6+ 60. Kc4 Ke7
61. Re5+ 1-0

[Event "TCh-FRA Top 12 2015"]
[Site "Montpellier FRA"]
[Date "2015.05.31"]
[Round "2.5"]
[Board "5"]
[White "Vaisser, Anatoly"]
[Black "Hamdouchi, Hicham"]
[Result "1-0"]
[WhiteTitle "GM"]
[BlackTitle "GM"]
[WhiteElo "2530"]
[BlackElo "2608"]
[WhiteTeam "C.E. STRASBOURG"]
[BlackTeam "CLICHY-ECHECS-92"]
[WhiteFideId "603252"]
[BlackFideId "9000011"]
[EventDate "2015.05.30"]

1. d4 Nf6 2. c4 e6 3. Nc3 Bb4 4. e3 O-O 5. Bd3 d5 6. Nf3 b6 7. O-O Ba6 8. Ne5
Bd6 9. cxd5 Bxd3 10. Nxd3 exd5 11. b4 c6 12. a4 Nbd7 13. Qf3 Re8 14. b5 Ne4 15.
bxc6 Nxc3 16. cxd7 Qxd7 17. Ba3 Bxa3 18. Rxa3 Rac8 19. g3 Qe7 20. Rfa1 Qe4 21.
Qxe4 dxe4 22. Nf4 Rc4 23. Kf1 Rec8 24. g4 Kf8 25. Ne2 Nxe2 26. Kxe2 R8c6 27. Kf1
Ke7 28. Kg2 Kd6 29. Rb3 a6 30. h4 Kc7 31. f3 Rc2+ 32. Kg3 exf3 33. Kxf3 Rh2 34.
h5 Rf6+ 35. Ke4 Rg2 36. Rc3+ Kd7 37. Rac1 Rxg4+ 38. Kd3 Rd6 39. Rc7+ Ke6 40. Ra7
f5 41. Rcc7 g6 42. Rxh7 Kf6 43. h6 Rd8 44. Rxa6 Re8 45. Rxb6+ Kg5 46. a5 Rge4
47. Rg7 Rxe3+ 48. Kc4 Kxh6 49. Rbxg6+ Kh5 50. Rg1 Rd8 51. Rg8 Rxg8 52. Rxg8 Re7
53. d5 f4 54. Rf8 Kg4 55. Kc5 Rd7 1-0

[Event "TCh-FRA Top 12 2015"]
[Site "Montpellier FRA"]
[Date "2015.05.31"]
[Round "2.5"]
[Board "6"]
[White "Tregubov, Pavel V."]
[Black "Sebag, Marie"]
[Result "1/2-1/2"]
[WhiteTitle "GM"]
[BlackTitle "GM"]
[WhiteElo "2571"]
[BlackElo "2483"]
[WhiteTeam "CLICHY-ECHECS-92"]
[BlackTeam "C.E. STRASBOURG"]
[WhiteFideId "4115341"]
[BlackFideId "617822"]
[EventDate "2015.05.30"]

1. d4 d5 2. c4 c6 3. cxd5 cxd5 4. Bf4 Nf6 5. Nc3 Nc6 6. e3 Bf5 7. Rc1 Rc8 8. Nf3
e6 9. Qb3 Bb4 10. Bb5 Bxc3+ 11. bxc3 O-O 12. O-O Ne4 13. Bxc6 bxc6 14. h3 c5 15.
c4 g5 16. Bh2 cxd4 17. exd4 dxc4 18. Rxc4 Qd5 19. Rfc1 Rxc4 20. Qxc4 Qxc4 21.
Rxc4 h5 22. Ne5 Rb8 23. g4 hxg4 24. hxg4 Bh7 25. Rc2 f6 26. Nd7 Rb7 27. Rc8+ Kg7
28. Rc7 Rxc7 29. Bxc7 Nc3 30. Bd8 f5 31. gxf5 Bxf5 32. Bxg5 Nxa2 33. Bd2 Kf7 34.
Ne5+ Ke7 35. Nc6+ Kd6 36. Nxa7 Bd3 37. Nc8+ Kd5 38. Be3 Nc3 39. Kg2 Nb5 40. Nb6+
Kc6 41. Na4 Bc2 42. Nc5 Kd5 43. Kg3 Bf5 44. Kf4 1/2-1/2

[Event "TCh-FRA Top 12 2015"]
[Site "Montpellier FRA"]
[Date "2015.05.31"]
[Round "2.5"]
[Board "7"]
[White "Vitoux, Colomban"]
[Black "Lagarde, Maxime"]
[Result "1-0"]
[WhiteTitle "IM"]
[BlackTitle "GM"]
[WhiteElo "2391"]
[BlackElo "2565"]
[WhiteTeam "C.E. STRASBOURG"]
[BlackTeam "CLICHY-ECHECS-92"]
[WhiteFideId "628549"]
[BlackFideId "662399"]
[EventDate "2015.05.30"]

1. e4 e6 2. d4 d5 3. Nc3 Bb4 4. e5 c5 5. dxc5 Ne7 6. Nf3 Nbc6 7. Bd3 d4 8. a3
dxc3 9. axb4 cxb2 10. Bxb2 Nxb4 11. Ng5 Nxd3+ 12. cxd3 Qd5 13. Qh5 Ng6 14. Ne4
Nf4 15. Qf3 Nxd3+ 16. Ke2 Nxb2 17. Nd6+ Kd7 18. Qc3 Qd3+ 19. Qxd3 Nxd3 20. Kxd3
Ke7 21. Rhb1 Rd8 22. Kc4 Rd7 23. Rxa7 b5+ 24. cxb6 Rdxa7 25. bxa7 Ba6+ 26. Kc5
Rxa7 27. Ra1 Ra8 28. Ra5 f6 29. f4 h5 30. Kb6 fxe5 31. fxe5 Rb8+ 32. Kc7 Rb2 33.
Rxa6 Rxg2 34. Nc8+ Kf7 35. Kd7 Rxh2 36. Rxe6 Re2 37. Nd6+ Kg8 38. Nf5 g5 39.
Rg6+ Kh7 40. Rh6+ Kg8 41. Ke6 h4 42. Kf6 1-0

[Event "TCh-FRA Top 12 2015"]
[Site "Montpellier FRA"]
[Date "2015.05.31"]
[Round "2.5"]
[Board "8"]
[White "Skripchenko, Almira"]
[Black "Heinz, Timothee"]
[Result "1/2-1/2"]
[WhiteTitle "IM"]
[BlackTitle "FM"]
[WhiteElo "2421"]
[BlackElo "2350"]
[WhiteTeam "CLICHY-ECHECS-92"]
[BlackTeam "C.E. STRASBOURG"]
[WhiteFideId "13900145"]
[BlackFideId "623369"]
[EventDate "2015.05.30"]

1. e4 e6 2. d4 d5 3. Nc3 dxe4 4. Nxe4 Nd7 5. Nf3 Ngf6 6. Nxf6+ Nxf6 7. Ne5 c5 8.
Bb5+ Bd7 9. Nxd7 Qa5+ 10. c3 Qxb5 11. Nxc5 Bxc5 12. dxc5 Qxc5 13. O-O O-O 14.
Qe2 b5 15. a4 a6 16. Be3 Qc4 17. Rfe1 Rfc8 18. axb5 axb5 19. Qd2 Qd5 20. Qe2 Qc4
21. Qd2 Qd5 22. Qe2 1/2-1/2

[Event "TCh-FRA Top 12 2015"]
[Site "Montpellier FRA"]
[Date "2015.05.31"]
[Round "2.6"]
[Board "1"]
[White "Vazquez Igarza, Renier"]
[Black "Demuth, Adrien"]
[Result "1/2-1/2"]
[WhiteTitle "GM"]
[BlackTitle "IM"]
[WhiteElo "2606"]
[BlackElo "2515"]
[WhiteTeam "MONTPELLIER"]
[BlackTeam "POITIERS-MIGNE"]
[WhiteFideId "3503054"]
[BlackFideId "642274"]
[EventDate "2015.05.30"]

1. Nf3 d5 2. d4 Nf6 3. c4 c6 4. Nc3 a6 5. a4 e6 6. Bg5 h6 7. Bxf6 Qxf6 8. g3 Bb4
9. Bg2 O-O 10. O-O dxc4 11. Qc2 Nd7 12. Ne4 Qf5 13. Qxc4 Qxe4 14. Qxb4 Qxe2 15.
Rfe1 Qc2 16. a5 Qf5 17. Ne5 Nf6 18. Ra3 Nd5 19. Bxd5 exd5 20. Rf3 Qh5 21. Rfe3
Be6 22. Qxb7 Rab8 23. Qxc6 Rxb2 24. Qxa6 Rfb8 25. Nd3 Ra2 26. Nf4 Qf5 27. Re5
Qc2 28. Qf1 Rxa5 29. Nxe6 fxe6 30. Qh3 Rf8 31. Qxe6+ Kh8 32. R5e2 Qd3 33. Qe3
Qxe3 34. fxe3 Ra3 35. Rf1 Re8 36. Rf3 g6 37. Kf2 Ra7 38. g4 Kg7 39. Rb2 Ree7 40.
h3 Rac7 41. Ra2 Rb7 42. Rf4 Rb3 43. Re2 Rd3 44. h4 Rd1 45. h5 gxh5 46. gxh5 Rh1
47. Rf5 Rf7 48. Rxf7+ Kxf7 49. Kf3 Rxh5 50. e4 1/2-1/2

[Event "TCh-FRA Top 12 2015"]
[Site "Montpellier FRA"]
[Date "2015.05.31"]
[Round "2.6"]
[Board "2"]
[White "Picard, Romain"]
[Black "Fier, Alexandr"]
[Result "0-1"]
[WhiteTitle "IM"]
[BlackTitle "GM"]
[WhiteElo "2368"]
[BlackElo "2632"]
[WhiteTeam "POITIERS-MIGNE"]
[BlackTeam "MONTPELLIER"]
[WhiteFideId "627216"]
[BlackFideId "2107139"]
[EventDate "2015.05.30"]

1. e4 g6 2. d4 Bg7 3. Nf3 d6 4. Be2 Nf6 5. Nc3 O-O 6. O-O e6 7. Re1 b6 8. Bf1
Bb7 9. Bf4 h6 10. h3 Kh7 11. Qd2 a6 12. Rad1 b5 13. a3 Nc6 14. Qc1 Ne7 15. Bh2
Nd7 16. Nb1 Nb6 17. Nbd2 Qd7 18. c3 f5 19. Bd3 Rf7 20. Qc2 Raf8 21. Re2 Kh8 22.
Rde1 g5 23. b3 f4 24. e5 Bxf3 25. Nxf3 d5 26. Nd2 Nf5 27. f3 Qe7 28. b4 h5 29.
Nf1 Bh6 30. Kh1 Rg7 31. Bg1 g4 32. fxg4 hxg4 33. Rf2 Qh4 34. Bh2 g3 0-1

[Event "TCh-FRA Top 12 2015"]
[Site "Montpellier FRA"]
[Date "2015.05.31"]
[Round "2.6"]
[Board "3"]
[White "Flear, Glenn C"]
[Black "Tranchant, Sebastien"]
[Result "0-1"]
[WhiteTitle "GM"]
[WhiteElo "2460"]
[BlackElo "2275"]
[WhiteTeam "MONTPELLIER"]
[BlackTeam "POITIERS-MIGNE"]
[WhiteFideId "400165"]
[BlackFideId "626732"]
[EventDate "2015.05.30"]

1. d4 Nf6 2. c4 c5 3. d5 e6 4. Nc3 exd5 5. cxd5 d6 6. e4 g6 7. h3 Bg7 8. Nf3 a6
9. a4 Nbd7 10. Bd3 Nh5 11. Bg5 Bf6 12. Be3 Ne5 13. Be2 Nxf3+ 14. Bxf3 Ng7 15.
O-O O-O 16. Bf4 Re8 17. Re1 Be5 18. Bxe5 Rxe5 19. a5 Bd7 20. Qd2 Qh4 21. Ne2 f5
22. exf5 Nxf5 23. Bg4 Rae8 24. Ng3 Qf6 25. Rxe5 Rxe5 26. Bxf5 Bxf5 27. Qc3 Qf7
28. Rd1 Bd7 29. Qb3 Bc6 30. Qb6 Rxd5 31. Re1 Rd2 32. Re2 Rxe2 33. Nxe2 Qe7 34.
Qb3+ Kg7 35. Qc3+ Qf6 36. Qd2 Qe5 37. f3 d5 38. Kf2 d4 39. Qf4 Qxf4 40. Nxf4 Kf6
41. Nd3 c4 42. Nb4 Bb5 43. f4 Ke6 44. g4 Kd6 45. h4 Kc5 46. Na2 Bd7 47. Kf3 Bc6+
48. Kf2 Be4 49. Nc1 b6 50. axb6 Kxb6 51. Ne2 Kc5 52. Ng3 Bd5 53. h5 Kb4 54. hxg6
hxg6 55. f5 gxf5 56. Nxf5 c3 57. bxc3+ dxc3 58. Ke3 Kb3 59. Nd4+ Kb2 60. g5 Bc4
61. g6 c2 62. Nxc2 Kxc2 63. Kd4 Kb3 64. Kc5 a5 65. Kd4 0-1

[Event "TCh-FRA Top 12 2015"]
[Site "Montpellier FRA"]
[Date "2015.05.31"]
[Round "2.6"]
[Board "4"]
[White "Bedouin, Xavier"]
[Black "Libiszewski, Fabien"]
[Result "1/2-1/2"]
[WhiteTitle "IM"]
[BlackTitle "GM"]
[WhiteElo "2336"]
[BlackElo "2531"]
[WhiteTeam "POITIERS-MIGNE"]
[BlackTeam "MONTPELLIER"]
[WhiteFideId "617040"]
[BlackFideId "616834"]
[EventDate "2015.05.30"]

1. e4 d6 2. d4 Nf6 3. Nc3 g6 4. Nf3 Bg7 5. h3 O-O 6. Be3 a6 7. a4 b6 8. Bd3 Bb7
9. O-O Nc6 10. Qd2 e5 11. d5 Ne7 12. Rfd1 c6 13. dxc6 Bxc6 14. Bg5 Qc7 15. Qe2
d5 16. Bxf6 Bxf6 17. exd5 Nxd5 18. Nxd5 Bxd5 19. Bxa6 Bxf3 20. Qxf3 Rxa6 21.
Qxf6 Qxc2 22. Qxe5 Rxa4 1/2-1/2

[Event "TCh-FRA Top 12 2015"]
[Site "Montpellier FRA"]
[Date "2015.05.31"]
[Round "2.6"]
[Board "5"]
[White "Smith, Axel"]
[Black "Saada, Julien"]
[Result "1/2-1/2"]
[WhiteTitle "IM"]
[BlackTitle "FM"]
[WhiteElo "2454"]
[BlackElo "2296"]
[WhiteTeam "MONTPELLIER"]
[BlackTeam "POITIERS-MIGNE"]
[WhiteFideId "1707930"]
[BlackFideId "625388"]
[EventDate "2015.05.30"]

1. Nf3 d5 2. c4 e6 3. d4 Nf6 4. Nc3 Nbd7 5. e3 Be7 6. Bd3 dxc4 7. Bxc4 a6 8. e4
b5 9. Bd3 Bb7 10. e5 Nd5 11. Ne4 h6 12. O-O c5 13. dxc5 Nxc5 14. Nxc5 Bxc5 15.
Qe2 Qb6 16. a4 Nb4 17. a5 Qa7 18. Bb1 Bd5 19. Nd2 Rc8 20. Be4 O-O 21. Bxd5 exd5
22. Nb3 d4 23. Bd2 Rfd8 24. Rac1 Bf8 25. Rxc8 Rxc8 26. Qg4 Rc4 27. Bxh6 Nd3 28.
e6 Nxb2 29. Nd2 Rc6 30. exf7+ Qxf7 31. Qxd4 Nc4 32. Bf4 Nxa5 33. g3 Nb3 34. Nxb3
Qxb3 35. Ra1 Qe6 36. h4 Be7 37. Bg5 Bf6 38. Bxf6 Qxf6 39. Qd5+ Kh7 40. Re1 Rd6
41. Qh5+ Qh6 42. Qe8 Qg6 43. Qe5 Rf6 44. Qc5 Re6 45. Rd1 Qe8 46. Qf5+ Kg8 47.
Qd5 Kh8 48. Kh2 Rf6 49. Rd2 Qf7 50. Qc5 Rf5 51. Qc8+ Kh7 52. Qc2 Qg6 53. Kg1 b4
54. h5 Rxh5 55. Qxg6+ Kxg6 56. Rd6+ Kf7 57. Rxa6 Rb5 58. Kf1 b3 59. Ra1 Ke6 60.
Ke2 Kd5 61. Kd3 b2 62. Rb1 g6 63. f3 Rb3+ 64. Kc2 Rxf3 65. Kxb2 Rxg3 66. Re1 Kd4
67. Kc2 Rg2+ 68. Kd1 Kd3 69. Rh1 Re2 70. Rh8 Re5 71. Rd8+ Kc4 72. Kd2 Re4 73.
Rg8 Re6 74. Rd8 g5 75. Rd3 Re4 76. Re3 Rf4 77. Rg3 Rf5 78. Ke3 Kd5 79. Rf3 Rxf3+
80. Kxf3 g4+ 81. Kxg4 1/2-1/2

[Event "TCh-FRA Top 12 2015"]
[Site "Montpellier FRA"]
[Date "2015.05.31"]
[Round "2.6"]
[Board "6"]
[White "Fougerit, Valentin"]
[Black "Touzane, Olivier"]
[Result "1-0"]
[BlackTitle "IM"]
[WhiteElo "2225"]
[BlackElo "2339"]
[WhiteTeam "POITIERS-MIGNE"]
[BlackTeam "MONTPELLIER"]
[WhiteFideId "634670"]
[BlackFideId "602906"]
[EventDate "2015.05.30"]

1. e4 g6 2. d4 Nf6 3. e5 Nh5 4. Bb5 a6 5. Ba4 Nc6 6. Nf3 b5 7. Bb3 d5 8. c3 Ng7
9. Bh6 Nf5 10. Bxf8 Kxf8 11. Nbd2 h5 12. Ng5 f6 13. Qf3 fxg5 14. Bxd5 Nxd4 15.
cxd4 Rb8 16. Nb3 Kg7 17. Qe4 Nh4 18. Nc5 Rb6 19. e6 Rd6 20. Qe5+ Kh6 21. Be4
Rxd4 22. O-O Nf5 23. h4 Rf8 24. hxg5+ Kh7 25. Nd7 Bxd7 26. exd7 Qxd7 27. Rfe1
Ng7 28. Bf3 Rf5 29. Qxe7 Qxe7 30. Rxe7 c5 31. Rae1 Rxg5 32. Ra7 Rd8 33. Ree7 Rg8
34. Red7 Kh6 35. Bd5 Re8 36. f4 Rxd5 37. Rxd5 Nf5 38. Rxa6 Rf8 39. Rxc5 Nd4 40.
Rg5 Ne2+ 41. Kh2 Nxf4 42. Rxb5 h4 43. a4 Nd3 44. Rd6 Nf2 45. Kg1 Rf4 46. b3 Ng4
47. Rbb6 Ne5 48. a5 Re4 49. Rd1 Re2 50. Ra1 h3 51. gxh3 Nf3+ 52. Kf1 Rh2 53. Ra4
Rd2 54. Rf6 Ne5 55. a6 Kg5 56. Re6 Nf3 57. Re3 Nd4 58. a7 Kf4 59. Rxd4+ Rxd4 60.
Re8 1-0

[Event "TCh-FRA Top 12 2015"]
[Site "Montpellier FRA"]
[Date "2015.05.31"]
[Round "2.6"]
[Board "7"]
[White "Brochet, Philippe"]
[Black "Pel, Bonno"]
[Result "1-0"]
[WhiteTitle "IM"]
[BlackTitle "FM"]
[WhiteElo "2382"]
[BlackElo "2287"]
[WhiteTeam "MONTPELLIER"]
[BlackTeam "POITIERS-MIGNE"]
[WhiteFideId "602469"]
[BlackFideId "1004760"]
[EventDate "2015.05.30"]

1. e4 d6 2. d4 g6 3. Nc3 Bg7 4. Be3 a6 5. Qd2 b5 6. Nf3 Bb7 7. Bd3 Nd7 8. h4 h5
9. O-O-O c5 10. dxc5 Nxc5 11. Bxc5 dxc5 12. Nxb5 c4 13. Qf4 e5 14. Qe3 axb5 15.
Bxc4 bxc4 16. Rxd8+ Rxd8 17. Qb6 Bxe4 18. Qb5+ Kf8 19. Rd1 Rxd1+ 20. Kxd1 Bxf3+
21. gxf3 Bf6 22. a4 Kg7 23. a5 Ne7 24. a6 Rd8+ 25. Ke1 c3 26. bxc3 Nc8 27. c4
Bxh4 28. c5 e4 29. fxe4 Bf6 30. c6 Bd4 31. c7 Rh8 32. Qd7 Be5 33. Qd5 Bxc7 34.
Qd4+ Kh7 35. Qd7 Bb6 36. Qxf7+ Kh6 37. f4 Rd8 38. f5 gxf5 39. exf5 Kg5 40. f6
Nd6 41. Qe7 Nc8 42. Qg7+ Kf5 43. f7 Bc5 44. Qc3 Ke4 1-0